Polymer Blends Vol- 1 (Record no. 563070)

000 -LEADER
fixed length control field 00274nam a2200109Ia 4500
008 - FIXED-LENGTH DATA ELEMENTS--GENERAL INFORMATION
fixed length control field 210430s9999 xx 000 0 und d
082 ## - DEWEY DECIMAL CLASSIFICATION NUMBER
Classification number 668.9 P7621 P
100 ## - MAIN ENTRY--PERSONAL NAME
Personal name D. R. Paul
9 (RLIN) 53220
245 ## - TITLE STATEMENT
Title Polymer Blends Vol- 1
Statement of responsibility, etc. D. R. Paul
300 ## - PHYSICAL DESCRIPTION
Extent 600 p.
942 ## - ADDED ENTRY ELEMENTS (KOHA)
Koha item type Book
Source of classification or shelving scheme
Holdings
Withdrawn status Lost status Damaged status Not for loan Collection code Permanent Location Current Location Shelving location Date acquired Total Checkouts Full call number Barcode Date last seen Price effective from Koha item type
          School of Chemical & Materials Engineering (SCME) School of Chemical & Materials Engineering (SCME) General Stacks     668.9 P7621 P SCME-1959 04/30/2021 04/30/2021 Book
© 2023 Central Library, National University of Sciences and Technology. All Rights Reserved.